00642 2200229 4500001002100000005001700021008004100038035002400079082001000103090001700113100002000130245007900150260002600229300003100255500003100286650002500317700002000342850001500362980001400377985000600391999001500397YOGYA-0209000002678320090227024104.0 ind  0010-020900000026783 a612.2 a612.2bEff F aEFFENDI, Hasyim aFisiologi pernafasan dan pathofisiologynyacHasjim Effendi, Yasmeiny Yasir aBandungbAlumnic1980 aviii, 128 hlmbilusc21 cm aBibliografi : hlm. 127-128 aFisiologi pernafasan aYasir, Yasmeiny aYOPDYOG(B) a24-2-2007 a1 a06A0020571